500 computing tips for trainers / (Record no. 294200)
[ view plain ]
| 000 -LEADER | |
|---|---|
| fixed length control field | 00606nam a2200241Ia 4500 |
| 008 - FIXED-LENGTH DATA ELEMENTS--GENERAL INFORMATION | |
| fixed length control field | 160517s9999 xx 000 0 und d |
| 020 ## - INTERNATIONAL STANDARD BOOK NUMBER | |
| International Standard Book Number | 81-242-0419-5 |
| 050 ## - LIBRARY OF CONGRESS CALL NUMBER | |
| Classification number | ComSc QA 75.5 |
| 050 ## - LIBRARY OF CONGRESS CALL NUMBER | |
| Item number | .M33 2004 |
| 100 ## - MAIN ENTRY--PERSONAL NAME | |
| Personal name | McDowell, Steve. |
| 245 ## - TITLE STATEMENT | |
| Title | 500 computing tips for trainers / |
| 245 ## - TITLE STATEMENT | |
| Statement of responsibility, etc | Steve McDowell, Phil Race. |
| 260 ## - PUBLICATION, DISTRIBUTION, ETC. (IMPRINT) | |
| Place of publication, distribution, etc | New Delhi : |
| 260 ## - PUBLICATION, DISTRIBUTION, ETC. (IMPRINT) | |
| Name of publisher, distributor, etc | Crest Pub. House., |
| 260 ## - PUBLICATION, DISTRIBUTION, ETC. (IMPRINT) | |
| Date of publication, distribution, etc | 2004 |
| 300 ## - PHYSICAL DESCRIPTION | |
| Extent | 148 pages : |
| 300 ## - PHYSICAL DESCRIPTION | |
| Other physical details | ill. ; |
| 300 ## - PHYSICAL DESCRIPTION | |
| Dimensions | 24 cm. |
| 500 ## - GENERAL NOTE | |
| General note | Includes index. |
| 650 ## - SUBJECT ADDED ENTRY--TOPICAL TERM | |
| Topical term or geographic name as entry element | Computer. |
| 650 ## - SUBJECT ADDED ENTRY--TOPICAL TERM | |
| Topical term or geographic name as entry element | Employees -- Training of. |
| 650 ## - SUBJECT ADDED ENTRY--TOPICAL TERM | |
| General subdivision | Training. |
| Withdrawn status | Lost status | Damaged status | Home library | Current library | Shelving location | Date acquired | Total Checkouts | Full call number | Barcode | Date last seen | Price effective from | Koha item type |
|---|---|---|---|---|---|---|---|---|---|---|---|---|
| South Mansfield College | South Mansfield College | 03/07/2005 | ComSc QA 75.5 .M33 2004 | SMC00627 | 05/17/2016 | 05/17/2016 |